00597nam a2200217 a 450000100060000000300090000600800410001502000150005604000280007108200140009924500280011325000070014126000480014830000110019659000490020765000390025665000370029565000180033294200120035099900170036217597CO-ViMGA141112s2004 ck r 000 u spa d a8481693243 aCO-ViMGAbspacCO-ViMGA04aR220 S14710aL Biblia . Letra grande a42 aMadríd (España), cVerbo divino, c2002 a651.p. aForma de adquisición : Premio - Mincultura14aBIBLIA - ANTIGUO TESTAMENTO91275814aBIBLIA - NUEVO TESTAMENTO91275914aBIBLIA912757 2ddccBK c27091d27091